All-Time F1 Drivers - Statistics

General Stats
  • This quiz has been taken 23 times
  • The average score is 12 of 16
Answers on the Grid
Answers color-coded by a green-red scale on the quiz's grid according to % correct below.
Max Verstappen
Cody Ware
Jackie Stewart
Nick Tady
Matt Campbell
Ronnie Peterson
Alain Prost
Lewis Hamilton
Bubba Wallace
George Rusell
Ross Gunn
Charles Leclerc
Lando Norris
Tyler Reddick
Kyle Larson
Ralf Schumacher
Joey Lagano
Tom Gamble
Isack Hadjar
Esteban Ocon
Harry Thicknell
Kimi Räikkönen
Ty Dillon
Jenson Button
Nico Rosberg
Austin Dillon
Ryan Blaney
Ryo Hirakawa
Nico Hulkenberg
Carlos Sainz
 
Answer Stats
Answer % Correct
Max Verstappen
94%
George Rusell
89%
Lando Norris
83%
Carlos Sainz
78%
Charles Leclerc
78%
Esteban Ocon
78%
Jackie Stewart
78%
Kimi Räikkönen
78%
Lewis Hamilton
78%
Nico Hulkenberg
72%
Alain Prost
67%
Isack Hadjar
67%
Ralf Schumacher
67%
Jenson Button
61%
Nico Rosberg
61%
Ronnie Peterson
50%
No matching quizzes found
Score Distribution
Percent of People with Each Score
Percentile by Number Answered
Your Score History
You have not taken this quiz